[Event "NED-chT 2122"]
[Site "Netherlands"]
[Date "2022.04.23"]
[Round "9.1"]
[White "Dek, Lennart"]
[Black "Pijpers, Arthur"]
[Result "1/2-1/2"]
[WhiteElo "2293"]
[BlackElo "2483"]
[PlyCount "32"]
[EventDate "2021.09.18"]
[EventType "team-tourn"]
[EventRounds "9"]
[EventCountry "NED"]
[SourceTitle "EXT 2023"]
[Source "ChessBase"]
[SourceDate "2022.10.05"]
[SourceVersion "1"]
[SourceVersionDate "2022.10.05"]
[SourceQuality "1"]
[WhiteTeam "Kennemer Combinatie"]
[BlackTeam "Leiden LSG"]
[WhiteTeamCountry "NED"]
[BlackTeamCountry "NED"]

1. e4 c5 2. Nf3 d6 3. d4 cxd4 4. Nxd4 Nf6 5. Nc3 g6 6. Be3 Bg7 7. f3 Nc6 8. Qd2 0-0 9. g4 Be6 10. Nxe6 fxe6 11. 0-0-0 Ne5 12. Be2 Qc8 13. Bd4 Nc6 14. Be3 Ne5 15. Bd4 Nc6 16. Be3 Ne5 1/2-1/2

[Event "NED-chT 2122"]
[Site "Netherlands"]
[Date "2022.04.02"]
[Round "8.9"]
[White "Maatman, Nick"]
[Black "Dek, Lennart"]
[Result "0-1"]
[WhiteElo "2364"]
[BlackElo "2293"]
[PlyCount "46"]
[EventDate "2021.09.18"]
[EventType "team-tourn"]
[EventRounds "9"]
[EventCountry "NED"]
[SourceTitle "EXT 2024"]
[Source "ChessBase"]
[SourceDate "2023.10.10"]
[SourceVersion "1"]
[SourceVersionDate "2023.10.10"]
[SourceQuality "1"]
[WhiteTeam "Groningen Combinatie"]
[BlackTeam "Kennemer Combinatie"]
[WhiteTeamCountry "NED"]
[BlackTeamCountry "NED"]

1. d4 d5 2. Nf3 Nf6 3. c4 c6 4. Nbd2 Bf5 5. Nh4 Be4 6. Qb3 Nbd7 7. f3 dxc4 8. Qxb7 Bd5 9. e4 e6 10. exd5 cxd5 11. g3 Rb8 12. Qa6 Bb4 13. a3 Ba5 14. b4 cxb3 15. Bb2 0-0 16. Bd3 e5 17. 0-0-0 exd4 18. Bxd4 Qc7+ 19. Kb2 Nc5 20. Bxc5 Qxc5 21. Bf5 Rfc8 22. Rc1 Qd4+ 23. Kb1 Rc2 0-1

[Event "NED-chT 1920"]
[Site "Netherlands"]
[Date "2020.03.07"]
[Round "6.8"]
[White "Pijpers, Arthur"]
[Black "Dek, Lennart"]
[Result "1-0"]
[WhiteElo "2472"]
[BlackElo "2307"]
[PlyCount "93"]
[EventDate "2019.09.28"]
[EventType "team-tourn"]
[EventRounds "9"]
[EventCountry "NED"]
[SourceTitle "CBM 195 Extra"]
[Source "ChessBase"]
[SourceDate "2020.05.31"]
[SourceVersion "1"]
[SourceVersionDate "2020.05.31"]
[SourceQuality "1"]
[WhiteTeam "Leiden LSG"]
[BlackTeam "Kennemer Combinatie"]
[WhiteTeamCountry "NED"]
[BlackTeamCountry "NED"]

1. e4 c5 2. Nc3 Nc6 3. Nf3 Nf6 4. Bb5 Qc7 5. 0-0 a6 6. Bxc6 dxc6 7. e5 Nd5 8. Re1 Bf5 9. Nh4 Nxc3 10. bxc3 Be6 11. Nf3 Bd5 12. Ng5 h6 13. Ne4 Qxe5 14. d3 Bxe4 15. Rxe4 Qf5 16. Rb1 0-0-0 17. Rf4 Qg6 18. Qf3 f6 19. Ra4 Qe8 20. Be3 e5 21. Ra5 Qe6 22. Qe4 Be7 23. Qa4 Kc7 24. Bxc5 Bxc5 25. Rxc5 Rb8 26. Qa5+ Kc8 27. d4 exd4 28. cxd4 Rd8 29. Re1 Qf7 30. Qc3 Kc7 31. d5 Rd6 32. dxc6 b6 33. Rc4 Re8 34. Rb1 Qd5 35. h3 g5 36. Qb4 Rb8 37. Re1 Re6 38. Rxe6 Qxe6 39. Re4 Qd6 40. Re7+ Kxc6 41. Qc4+ Qc5 42. Qa4+ Qb5 43. Qe4+ Kd6 44. c3 Qb2 45. Re6+ Kc7 46. Qc6+ Kd8 47. Re8# 1-0

[Event "NED-chT 1819"]
[Site "Netherlands"]
[Date "2018.11.03"]
[Round "3.9"]
[White "Dek, Lennart"]
[Black "Baltic, Fatih"]
[Result "0-1"]
[WhiteElo "2314"]
[BlackElo "2122"]
[PlyCount "84"]
[EventDate "2018.09.15"]
[EventType "team-tourn"]
[EventRounds "9"]
[EventCountry "NED"]
[SourceTitle "CBM 187 Extra"]
[Source "ChessBase"]
[SourceDate "2018.11.04"]
[SourceVersion "1"]
[SourceVersionDate "2018.11.04"]
[SourceQuality "1"]
[WhiteTeam "Kennemer Combinatie"]
[BlackTeam "Zuid Limburg"]
[WhiteTeamCountry "NED"]
[BlackTeamCountry "NED"]

1. e4 e6 2. d4 d5 3. Nc3 Nf6 4. e5 Nfd7 5. f4 c5 6. Nf3 Nc6 7. Be3 Be7 8. Qd2 a6 9. Be2 b5 10. a3 Rb8 11. 0-0 0-0 12. Nd1 a5 13. Nf2 c4 14. g4 f5 15. exf6 Nxf6 16. Ne5 Bb7 17. g5 Ne4 18. Nxe4 dxe4 19. Bg4 Nxe5 20. fxe5 Bd5 21. Rxf8+ Bxf8 22. Rf1 Be7 23. h4 Qc7 24. g6 hxg6 25. h5 c3 26. Qh2 g5 27. b3 Rf8 28. Rxf8+ Bxf8 29. a4 bxa4 30. bxa4 Qb7 31. Qf2 Be7 32. Qe2 Qc6 33. Qe1 Bb4 34. Bxg5 Qxa4 35. Qe2 Bf8 36. Qa6 Qxd4+ 37. Kg2 e3+ 38. Kh3 Qxe5 39. Bh4 Qe4 40. Kg3 Qg2+ 41. Kf4 e5+ 42. Kxe5 Qe4# 0-1

[Event "EU-Cup 34th"]
[Site "Porto Carras"]
[Date "2018.10.17"]
[Round "6.4"]
[White "Dek, Lennart"]
[Black "Rozentalis, Eduardas"]
[Result "1-0"]
[WhiteElo "2304"]
[BlackElo "2522"]
[PlyCount "163"]
[EventDate "2018.10.12"]
[EventType "team-swiss"]
[EventRounds "7"]
[EventCountry "GRE"]
[SourceTitle "CBM 187"]
[Source "ChessBase"]
[SourceDate "2018.12.11"]
[SourceVersion "1"]
[SourceVersionDate "2018.12.11"]
[SourceQuality "1"]
[WhiteTeam "Deloitte"]
[BlackTeam "KGSRL"]
[WhiteTeamCountry "NED"]
[BlackTeamCountry "BEL"]

1. e4 c6 2. d4 d5 3. Nc3 g6 4. h3 Bg7 5. Nf3 Nh6 6. Bf4 f6 7. Qd2 Nf7 8. 0-0-0 0-0 9. Kb1 a5 10. Be2 b5 11. exd5 b4 12. Na4 cxd5 13. Nc5 Qb6 14. Be3 a4 15. h4 b3 16. cxb3 axb3 17. a3 Nc6 18. h5 g5 19. Rc1 Na5 20. Rc3 Nh6 21. Qd1 Ra7 22. Ne1 Bf5+ 23. Bd3 e6 24. Rg1 Nc4 25. Rxb3 Qd6 26. g4 Bxd3+ 27. Nexd3 e5 28. Nb4 e4 29. Na2 Nxe3 30. fxe3 f5 31. gxf5 Rxf5 32. Nc3 Raf7 33. Ka2 g4 34. Rb7 Rxb7 35. Nxb7 Qh2 36. Rh1 Qf2 37. Nd6 Rf6 38. Ndxe4 dxe4 39. Nxe4 Qxe3 40. Nxf6+ Bxf6 41. Re1 Qxd4 42. Qb3+ Kg7 43. Qb7+ Nf7 44. Re4 Qd1 45. Re8 Qc2 46. Qb4 Kh6 47. Qf4+ Kg7 48. Qxg4+ Ng5 49. Rb8 Qc6 50. Qb4 Kh6 51. Rb6 Qd5+ 52. Qb3 Qd4 53. a4 Kxh5 54. a5 Qc5 55. Rb5 Qf2 56. a6 Bd4 57. Qd5 h6 58. Rb4 Ba7 59. Rb3 Qf1 60. Qb5 Qg2 61. Qb7 Qf2 62. Qh1+ Kg6 63. Qc6+ Kh5 64. Qe8+ Kg4 65. Rb4+ Kg3 66. Qh5 Qf5 67. Qh4+ Kf3 68. Rb3+ Ke2 69. Qc4+ Kf2 70. Rb5 Qf3 71. Qh4+ Kg2 72. Qxh6 Qf7+ 73. Rb3 Qd5 74. Qg6 Qa5+ 75. Ra3 Qd5+ 76. Ka1 Qd1+ 77. Qb1 Qe2 78. Qc1 Ne4 79. Ra4 Be3 80. Qc6 Qf1+ 81. Ka2 Qf7+ 82. Rc4 1-0

[Event "EU-Cup 34th"]
[Site "Porto Carras"]
[Date "2018.10.12"]
[Round "1.4"]
[White "Ragger, Markus"]
[Black "Dek, Lennart"]
[Result "1-0"]
[WhiteElo "2690"]
[BlackElo "2304"]
[PlyCount "49"]
[EventDate "2018.10.12"]
[EventType "team-swiss"]
[EventRounds "7"]
[EventCountry "GRE"]
[SourceTitle "CBM 187"]
[Source "ChessBase"]
[SourceDate "2018.12.11"]
[SourceVersion "1"]
[SourceVersionDate "2018.12.11"]
[SourceQuality "1"]
[WhiteTeam "Novy Bor"]
[BlackTeam "Deloitte"]
[WhiteTeamCountry "CZE"]
[BlackTeamCountry "NED"]

1. e4 c5 2. Nf3 Nc6 3. d4 cxd4 4. Nxd4 Nf6 5. Nc3 e5 6. Ndb5 d6 7. Nd5 Nxd5 8. exd5 Nb8 9. a4 Be7 10. Be2 0-0 11. 0-0 f5 12. f4 a6 13. Na3 Nd7 14. Kh1 Bf6 15. Nc4 exf4 16. Bxf4 Ne5 17. Bxe5 dxe5 18. a5 e4 19. Nb6 Be5 20. d6 Be6 21. Bc4 Bxc4 22. Nxc4 Bf6 23. Rxf5 Rc8 24. Qd5+ Kh8 25. Re1 1-0

[Event "PRO League Stage"]
[Site "Chess.com INT"]
[Date "2018.02.03"]
[Round "4"]
[White "Dek, Lennart"]
[Black "Amar, Elham"]
[Result "1/2-1/2"]
[WhiteElo "2279"]
[BlackElo "2073"]
[PlyCount "160"]
[EventDate "2018.01.18"]
[EventType "team-swiss (rapid)"]
[EventRounds "9"]
[EventCountry "USA"]
[SourceTitle "CBM 182 Extra"]
[Source "ChessBase"]
[SourceDate "2018.02.23"]
[SourceVersion "1"]
[SourceVersionDate "2018.02.23"]
[SourceQuality "1"]
[WhiteTeam "Amsterdam Mosquitos"]
[BlackTeam "Norway Gnomes"]
[WhiteTeamCountry "NED"]
[BlackTeamCountry "NOR"]

1. e4 e5 2. Nf3 Nc6 3. Bc4 Bc5 4. c3 Nf6 5. d3 d6 6. 0-0 0-0 7. Bb3 Be6 8. Nbd2 d5 9. exd5 Bxd5 10. Bc2 Re8 11. b4 Bd6 12. Re1 e4 13. dxe4 Nxe4 14. Nxe4 Bxe4 15. Bg5 f6 16. Bxe4 fxg5 17. Qd5+ Kh8 18. Nxg5 Ne5 19. Nf7+ Nxf7 20. Qxf7 Qh4 21. g3 Qh6 22. Bxb7 Rf8 23. Qd5 Rad8 24. Qg2 Qf6 25. Re3 c5 26. bxc5 Bxc5 27. Rf3 Qe7 28. Rf1 Rxf3 29. Qxf3 Rf8 30. Qe4 Qf6 31. Qe2 Qxc3 32. Bd5 a5 33. Qc4 Qa3 34. Qb3 g6 35. Qxa3 Bxa3 36. Kg2 Rd8 37. Bb3 Kg7 38. Re1 Rd7 39. Re2 Bc5 40. f4 Bb4 41. Kf3 Kf6 42. g4 Rd3+ 43. Ke4 Rd7 44. g5+ Kg7 45. Kf3 Rc7 46. Re8 h6 47. gxh6+ Kxh6 48. Re2 Kg7 49. Kg4 Re7 50. Rc2 Re1 51. h4 Rg1+ 52. Kf3 Rf1+ 53. Kg3 Be1+ 54. Kg2 Rxf4 55. Rc7+ Kh6 56. Rc6 Rxh4 57. Bc2 Rg4+ 58. Kf3 Rg5 59. Ke2 Bb4 60. Kf3 Rg1 61. Kf2 Rg5 62. Kf3 Rg1 63. Kf2 Rg4 64. Kf3 Rg5 65. Be4 Be1 66. Ke2 Bb4 67. Kf3 Kg7 68. Ra6 Be7 69. Ra7 Kf7 70. Kf4 Rg1 71. Rxa5 g5+ 72. Ke3 Re1+ 73. Kd3 Rd1+ 74. Ke2 Re1+ 75. Kf3 Rf1+ 76. Ke2 Re1+ 77. Kxe1 Bb4+ 78. Kf2 Bxa5 79. Kf3 Kf6 80. Kg4 Ke5 1/2-1/2

[Event "PRO League Central"]
[Site "Chess.com INT"]
[Date "2017.01.11"]
[Round "1"]
[White "Agrest, Evgenij"]
[Black "Dek, Lennart"]
[Result "1-0"]
[WhiteElo "2593"]
[BlackElo "2288"]
[PlyCount "91"]
[EventDate "2017.01.11"]
[EventType "team-swiss (rapid)"]
[EventRounds "7"]
[EventCountry "USA"]
[SourceTitle "CBM 176 Extra"]
[Source "ChessBase"]
[SourceDate "2017.03.02"]
[SourceVersion "1"]
[SourceVersionDate "2017.03.02"]
[SourceQuality "1"]
[WhiteTeam "Stockholm Snowballs"]
[BlackTeam "Amsterdam Mosquitos"]
[WhiteTeamCountry "SWA"]
[BlackTeamCountry "NED"]

1. d4 d5 2. Bf4 Nf6 3. e3 c5 4. c3 Nc6 5. Nd2 Bg4 6. Qb3 Qb6 7. dxc5 Qxb3 8. Nxb3 e5 9. Bg3 Rd8 10. h3 Bf5 11. Bb5 Nd7 12. 0-0-0 Be6 13. f4 exf4 14. exf4 Bxc5 15. Nxc5 Nxc5 16. Nf3 0-0 17. Bh4 Rc8 18. g4 a6 19. Bxc6 bxc6 20. Be7 Ne4 21. Bxf8 Kxf8 22. Rh2 f6 23. Re2 Bf7 24. Re3 Rb8 25. Nd4 Rb6 26. Nb3 Rb5 27. Rd4 c5 28. Ra4 c4 29. Nd4 Rb6 30. Rb4 Rxb4 31. cxb4 g6 32. Ra3 Nf2 33. Kd2 Nd3 34. Kc3 Nxf4 35. Rxa6 h5 36. Rxf6 Nxh3 37. gxh5 gxh5 38. b5 Ng5 39. Kb4 Ne4 40. Rf4 Nd6 41. a4 Ke8 42. a5 Kd7 43. a6 Kc7 44. Rf6 Be8 45. b6+ Kd7 46. a7 1-0

[Event "EU-Cup 32nd"]
[Site "Novi Sad"]
[Date "2016.11.08"]
[Round "3.4"]
[White "Hasangatin, Ramil"]
[Black "Dek, Lennart"]
[Result "1-0"]
[WhiteElo "2505"]
[BlackElo "2278"]
[PlyCount "213"]
[EventDate "2016.11.06"]
[EventType "team-swiss"]
[EventRounds "7"]
[EventCountry "SRB"]
[SourceTitle "CBM 176"]
[Source "ChessBase"]
[SourceDate "2017.01.17"]
[SourceVersion "1"]
[SourceVersionDate "2017.01.17"]
[SourceQuality "1"]
[WhiteTeam "Kazan Ladya"]
[BlackTeam "Kennemer Combinatie"]
[WhiteTeamCountry "RUS"]
[BlackTeamCountry "NED"]

1. e4 c5 2. Nf3 e6 3. c3 Nf6 4. e5 Nd5 5. g3 d6 6. exd6 Bxd6 7. d4 cxd4 8. Nxd4 Nc6 9. Bg2 0-0 10. 0-0 Be5 11. Nxc6 bxc6 12. Qa4 Qc7 13. Nd2 Bd7 14. Re1 Rab8 15. Qc2 Rfd8 16. Nf3 Bf6 17. Bg5 Qb6 18. Re2 Qa6 19. Rd2 Be8 20. Bf1 Qa5 21. Rad1 c5 22. Bxf6 Nxf6 23. Rxd8 Rxd8 24. b4 cxb4 25. cxb4 Qb6 26. Rxd8 Qxd8 27. a3 h6 28. Qd3 Qc7 29. Qc4 Qd6 30. Nd4 e5 31. Nf5 Qb6 32. Ne7+ Kh7 33. Nc8 Qb8 34. Qa6 e4 35. Nxa7 Bd7 36. Nc6 Qd6 37. Na5 Qd4 38. Qc4 Qa1 39. Nb3 Qxa3 40. Nc5 Bc6 41. Qa6 Qxa6 42. Bxa6 Nd5 43. b5 Be8 44. Bb7 Nb6 45. Bxe4+ Kg8 46. Bd3 Kf8 47. Kf1 Ke7 48. Ke2 Kd6 49. Ne4+ Kd5 50. Ke3 Bd7 51. Nc3+ Kc5 52. Ke4 Nc8 53. Ke5 f6+ 54. Ke4 Nd6+ 55. Ke3 Nc8 56. Ne4+ Kd5 57. Nc3+ Kc5 58. Ne2 Nd6 59. Nf4 Ne8 60. Bg6 Nc7 61. Nh5 Be8 62. Bxe8 Nxe8 63. b6 Kxb6 64. Ke4 g6 65. Nf4 Kc6 66. Nxg6 Nd6+ 67. Kf4 Kd7 68. Kg4 Ke6 69. Kh5 Ne4 70. f4 Nf2 71. Nh8 f5 72. Kg6 Ng4 73. Nf7 h5 74. Ng5+ Ke7 75. h3 Ne3 76. Kxh5 Kf6 77. Nf3 Ng2 78. Nd4 Ne3 79. Ne2 Nd5 80. g4 fxg4 81. hxg4 Ne7 82. Kh4 Kg6 83. Kg3 Kf6 84. Nc3 Kg6 85. Kf3 Kf6 86. Ke4 Nc6 87. Nd5+ Kg6 88. Nb6 Kf6 89. Nd7+ Ke6 90. Ne5 Ne7 91. f5+ Kf6 92. Nf3 Kf7 93. g5 Nc8 94. Ne5+ Ke7 95. Nc4 Kf7 96. Ke5 Ne7 97. Nd6+ Kf8 98. Ke6 Nc6 99. Kf6 Ne7 100. Ne4 Nd5+ 101. Ke5 Ne3 102. Ke6 Ng2 103. Nc5 Nf4+ 104. Ke5 Nh5 105. Ne6+ Kg8 106. Nf4 Ng3 107. f6 1-0

[Event "Maastricht Limburg op-A 8th"]
[Site "Maastricht"]
[Date "2014.06.07"]
[Round "3"]
[White "Dek, Lennart"]
[Black "Den Hartog, Marijn"]
[Result "1/2-1/2"]
[WhiteElo "2256"]
[BlackElo "2036"]
[PlyCount "82"]
[EventDate "2014.06.06"]
[EventType "swiss"]
[EventRounds "7"]
[EventCountry "NED"]
[SourceTitle "CBM 160 Extra"]
[Source "ChessBase"]
[SourceDate "2014.07.01"]
[SourceVersion "1"]
[SourceVersionDate "2014.07.01"]
[SourceQuality "1"]

1. e4 e6 2. d4 d5 3. Nc3 Bb4 4. e5 Qd7 5. f4 b6 6. Nf3 Ne7 7. a3 Bxc3+ 8. bxc3 Ba6 9. Bxa6 Nxa6 10. a4 Nb8 11. 0-0 Nbc6 12. Ba3 Na5 13. Qd3 Nc4 14. Nd2 Nxd2 15. Qxd2 Nc6 16. f5 0-0-0 17. fxe6 Qxe6 18. Bb4 a5 19. Ba3 Rd7 20. Rf3 Nd8 21. Qd3 Kb7 22. Rg3 g6 23. Rf3 Qc6 24. Bc1 Ne6 25. Bh6 Re8 26. Rf6 Qc4 27. Qxc4 dxc4 28. Raf1 Ree7 29. Bc1 c5 30. Ba3 Kc6 31. g4 Rb7 32. Kf2 Red7 33. Ke3 cxd4+ 34. cxd4 b5 35. axb5+ Kxb5 36. Bd6 Kc6 37. Ra1 Rb5 38. Ke4 Ng5+ 39. Kf4 Ne6+ 40. Ke4 Ng5+ 41. Kf4 Ne6+ 1/2-1/2

[Event "NED-chT 1213"]
[Site "Netherlands"]
[Date "2013.04.06"]
[Round "8.4"]
[White "Nijboer, Friso"]
[Black "Dek, Lennart"]
[Result "1-0"]
[WhiteElo "2535"]
[BlackElo "2244"]
[PlyCount "121"]
[EventDate "2012.09.15"]
[EventType "team-tourn"]
[EventRounds "9"]
[EventCountry "NED"]
[SourceTitle "EXT 2014"]
[Source "ChessBase"]
[SourceDate "2013.11.20"]
[SourceVersion "1"]
[SourceVersionDate "2013.11.20"]
[SourceQuality "1"]
[WhiteTeam "En Passant"]
[BlackTeam "Kennemer Combinatie"]
[WhiteTeamCountry "NED"]
[BlackTeamCountry "NED"]

1. e4 c5 2. Nf3 Nc6 3. Nc3 Nf6 4. d4 cxd4 5. Nxd4 e5 6. Ndb5 d6 7. Bg5 a6 8. Na3 b5 9. Nd5 Be7 10. Bxf6 Bxf6 11. c4 b4 12. Nc2 a5 13. g3 Bg5 14. Bg2 0-0 15. 0-0 Rb8 16. b3 f5 17. exf5 Bxf5 18. h4 Bh6 19. Qe2 Qd7 20. Be4 g6 21. Rad1 Kh8 22. f3 Bg7 23. Rf2 Qa7 24. Kg2 Rbe8 25. Rdf1 Nd4 26. Qd3 Qd7 27. Rd1 Ne6 28. Nde3 Rd8 29. Qd5 Nc5 30. Bxf5 gxf5 31. Ne1 Qe7 32. Qd2 Ne6 33. Nd5 Qf7 34. f4 Nc5 35. Qe3 Ne4 36. Rf3 Rde8 37. Nd3 Nc3 38. Nxc3 e4 39. Nd5 exf3+ 40. Qxf3 Bd4 41. N3xb4 axb4 42. Rxd4 Qe6 43. Rd2 Rb8 44. Re2 Qg8 45. Nxb4 Qg7 46. Nd5 Rbe8 47. Rd2 Re1 48. Qc3 Rfe8 49. Qxg7+ Kxg7 50. Kf2 Ra1 51. Ne3 Ra8 52. Kf3 R1xa2 53. Nxf5+ Kf7 54. Rxd6 R8a3 55. Rd3 Rc2 56. Nd4 Rc1 57. h5 Kg8 58. Kg4 h6 59. Nb5 Ra6 60. Rd8+ Kf7 61. Rd7+ 1-0